Normal view
MARC view
- Ljus
Entry Topical Term
001 - CONTROL NUMBER
- control field: 96071
003 - CONTROL NUMBER IDENTIFIER
- control field: NUST
005 - DATE AND TIME OF LATEST TRANSACTION
- control field: 20220801141356.0
008 - FIXED-LENGTH DATA ELEMENTS
- fixed length control field: 220801|| aca||aabn | a|a d
040 ## - CATALOGING SOURCE
- Original cataloging agency: NUST
- Transcribing agency: NUST
150 ## - HEADING--TOPICAL TERM
- Topical term or geographic name entry element: Ljus
670 ## - SOURCE DATA FOUND
- Source citation: Work cat.: (NUST)190486: Fox, Mark 96069, Optical properties of solids /, 2010.
